000 00601cam a22002053a 4500
001 41603
003 PGUSA
005 20140828083935.0
008 121211s2012||||xxu|||||s|||||000 | eng d
040 _aPGUSA
_beng
042 _adc
100 1 _aRichards, Laura Elizabeth Howe,
_d1850-1943
245 1 0 _aToto's Merry Winter
_h[electronic resource] /
_cLaura Elizabeth Howe Richards
260 _bProject Gutenberg,
_c2012
506 _aPublic domain in the USA.
516 _aElectronic text
830 0 _aProject Gutenberg
_v41603
856 4 0 _uhttp://www.gutenberg.org/ebooks/41603
942 _cEB
999 _c270855
_d270855